Central Library OPAC University of Rajshahi

Immigrants and their children, 1850-1950 / (Record no. 2171)

MARC details
000 -LEADER
fixed length control field 00995cam a2200301 i 4500
001 - CONTROL NUMBER
control field 2171
003 - CONTROL NUMBER IDENTIFIER
rucl marc code BD-RjUL
005 - DATE AND TIME OF LATEST TRANSACTION
control field 20211208233510.0
008 - FIXED-LENGTH DATA ELEMENTS--GENERAL INFORMATION
fixed length control field 131210r1976 nyu bs 001 0 eng
020 ## - INTERNATIONAL STANDARD BOOK NUMBER
International Standard Book Number 0846217643
035 ## - SYSTEM CONTROL NUMBER
System control number (BD-RjUL)2198
040 ## - CATALOGING SOURCE
Original cataloging agency DLC
Transcribing agency DLC
Modifying agency DLC
Language of cataloging eng
041 ## - LANGUAGE CODE
Language code of text/sound track or separate title eng
082 00 - DEWEY DECIMAL CLASSIFICATION NUMBER
Classification number 301.4510973
Edition number 16
Author mark and year HUI 1976
100 1# - MAIN ENTRY--PERSONAL NAME
Personal name Hutchinson, Edward P.
Fuller form of name (Edward Prince),
Dates associated with a name 1906-
9 (RLIN) 7109
245 10 - TITLE STATEMENT
Title Immigrants and their children, 1850-1950 /
Statement of responsibility, etc. by E. P. Hutchinson.
260 ## - PUBLICATION, DISTRIBUTION, ETC. (IMPRINT)
Place of publication, distribution, etc. New York :
Name of publisher, distributor, etc. Russell & Russell,
Date of publication, distribution, etc. 1976, c1956.
300 ## - PHYSICAL DESCRIPTION
Pagination xiv, 391 p. ;
Size 25 cm.
500 ## - GENERAL NOTE
General note Reprint of the ed. published by Wiley, New York, in series: Census monograph series.
504 ## - BIBLIOGRAPHY, ETC. NOTE
Bibliography, etc Includes bibliographical references and index.
526 ## - STUDY PROGRAM INFORMATION NOTE
Requested Dept. Economics
650 #0 - SUBJECT ADDED ENTRY--TOPICAL TERM
Topical term or geographic name as entry element Immigrants
Geographic subdivision United States.
9 (RLIN) 7110
Topical term or geographic name as entry element Occupations
Geographic subdivision United States.
9 (RLIN) 7111
830 #0 - SERIES ADDED ENTRY--UNIFORM TITLE
Uniform title Census monograph series.
942 ## - ADDED ENTRY ELEMENTS (KOHA)
Source of classification or shelving scheme Dewey Decimal Classification
Koha item type Books
Holdings
Lost status Source of classification or shelving scheme Damaged status Not for loan Collection code Permanent Location Current Location Shelving location Date acquired Total Checkouts Full call number Date last seen Copy number Koha item type
  Dewey Decimal Classification   Not For Loan Non-fiction Central Library, University of Rajshahi Central Library, University of Rajshahi Reading Room 19/10/1985   301.4510973 HUI 1976 10/12/2013 C-1 Books